书目信息 |
| 题名: |
Visual C++游戏编程基础
|
|
| 作者: | ;刘晓华 改编 ;荣钦科技 著 | |
| 分册: | ||
| 出版信息: | 北京 电子工业出版社 2005.5 |
|
| 页数: | XII,396页 | |
| 开本: | 28cm | |
| 丛书名: | 游戏学院经典书丛 | |
| 单 册: | ||
| 中图分类: | TP312C , TP311.5 | |
| 科图分类: | ||
| 主题词: | C语言--C yu yan--程序设计 , 游戏--you xi--应用程序--程序设计 , C语言--C yu yan , 程序设计--cheng xu she ji , 游戏--you xi , 应用程序--ying yong cheng xu | |
| 电子资源: | ||
| ISBN: | 7-121-00915-3 | |
| 000 | 01516nam0 2200409 450 | |
| 000 | 01536nam0 2200409 450 | |
| 000 | 01499nam0 2200397 450 | |
| 000 | 01456nam0 2200385 450 | |
| 000 | 01445nam0 2200385 450 | |
| 000 | 01408nam0 2200373 45 | |
| 001 | 012005000794 | |
| 005 | 20050625101010.0 | |
| 010 | @a7-121-00915-3@dCNY39.00(含光盘) | |
| 010 | @a7-89496-631-2@b光盘 | |
| 100 | @a20050625d2005 em y0chiy0121 ea | |
| 101 | 0 | @achi |
| 102 | @aCN@b110000 | |
| 105 | @af z 000yy | |
| 200 | 1 | @aVisual C++游戏编程基础@AVisual C++ you xi bian cheng ji chu@d= Visual C++ game programming basic tutorial@f荣钦科技著@g刘晓华改编@zeng |
| 210 | @a北京@c电子工业出版社@d2005.5 | |
| 215 | @aXII,396页@c图@d28cm@e光盘1片 | |
| 225 | 2 | @a游戏学院经典书丛@Ayou xi xue yuan jing dian shu cong@f肖永亮主编 |
| 330 | @a本书介绍了如何以Visual C++及DirectX来设计游戏,主要针对想学习游戏设计的初学者,通过本书深入浅出的概念与实例相结合来逐步实现自己制作游戏的梦想。 | |
| 461 | 0 | @12001 @a游戏学院经典书丛 |
| 510 | 1 | @aVisual C++ game programming basic tutorial@zeng |
| 606 | 0 | @aC语言@AC yu yan@x程序设计 |
| 606 | 0 | @a游戏@Ayou xi@x应用程序@x程序设计 |
| 606 | 0 | @aC语言@AC yu yan |
| 606 | 0 | @a程序设计@Acheng xu she ji |
| 606 | 0 | @a游戏@Ayou xi |
| 606 | 0 | @a应用程序@Aying yong cheng xu |
| 690 | @aTP312C@v4 | |
| 690 | @aTP311.5@v4 | |
| 702 | 0 | @a刘晓华@Aliu xiao hua@4改编 |
| 711 | 02 | @a荣钦科技@Arong qin ke ji@4著 |
| 801 | 0 | @aCN@bSRXX@c20050625 |
| 905 | @a10447@dTP312C@eR730 | |
| Visual C++游戏编程基础= Visual C++ game programming basic tutorial/荣钦科技著/刘晓华改编.-北京:电子工业出版社,2005.5 |
| XII,396页:图;28cm+光盘1片.-(游戏学院经典书丛/肖永亮主编) |
| ISBN 7-121-00915-3:CNY39.00(含光盘) |
| 本书介绍了如何以Visual C++及DirectX来设计游戏,主要针对想学习游戏设计的初学者,通过本书深入浅出的概念与实例相结合来逐步实现自己制作游戏的梦想。 |
| ● |
| 相关链接 |
|
|
|
正题名:Visual C++游戏编程基础
索取号:TP312C/R730
 
预约/预借
| 序号 | 登录号 | 条形码 | 馆藏地/架位号 | 状态 | 备注 |
| 1 | 547461 | 205474618 | 自科库301/301自科库 54排5列3层/ [索取号:TP312C/R730] | 在馆 | |
| 2 | 547462 | 205474627 | 自科库301/301自科库 48排5列2层/ [索取号:TP312C/R730] | 在馆 | |
| 3 | 547463 | 205474636 | 自科库301/301自科库 54排5列3层/ [索取号:TP312C/R730] | 在馆 |